Central Library OPAC University of Rajshahi

Manpower demand : (Record no. 35265)

MARC details
000 -LEADER
fixed length control field 00892cam a22003011i 4500
001 - CONTROL NUMBER
control field 35265
003 - CONTROL NUMBER IDENTIFIER
rucl marc code BD-RjUL
005 - DATE AND TIME OF LATEST TRANSACTION
control field 20211209052304.0
008 - FIXED-LENGTH DATA ELEMENTS--GENERAL INFORMATION
fixed length control field 140522s1970 ii b 001 0 eng d
035 ## - SYSTEM CONTROL NUMBER
System control number (OCoLC)199464
System control number (OCoLC)ocm00199464
System control number (BD-RjUL)35359
System control number (NNC)2457955
040 ## - CATALOGING SOURCE
Original cataloging agency BD-RjUL
Language of cataloging eng
Transcribing agency BD-RjUL
Modifying agency BD-RjUL
041 ## - LANGUAGE CODE
Language code of text/sound track or separate title eng
082 ## - DEWEY DECIMAL CLASSIFICATION NUMBER
Classification number 331.110954
Author mark and year AGM 1970
090 ## - LOCALLY ASSIGNED LC-TYPE CALL NUMBER (OCLC); LOCAL CALL NUMBER (OCLC)
Classification number (OCLC) (R) ; Classification number, CALL (RLIN) (NR) HD5819
Local cutter number (OCLC) ; Book number/undivided call number, CALL (RLIN) .A64
100 1# - MAIN ENTRY--PERSONAL NAME
Personal name Agarwal, Satya Prakash
Dates associated with a name 1924-
9 (RLIN) 8791
245 10 - TITLE STATEMENT
Title Manpower demand :
Remainder of title concepts and methodology /
Statement of responsibility, etc. [by] S. P. Agarwal.
260 ## - PUBLICATION, DISTRIBUTION, ETC. (IMPRINT)
Place of publication, distribution, etc. Meerut :
Name of publisher, distributor, etc. Meenakshi Prakashan,
Date of publication, distribution, etc. 1970.
300 ## - PHYSICAL DESCRIPTION
Pagination xvii, 368 p. ;
Size 22 cm.
504 ## - BIBLIOGRAPHY, ETC. NOTE
Bibliography, etc Includes index and Bibliography: p. [360]-364.
650 #0 - SUBJECT ADDED ENTRY--TOPICAL TERM
Topical term or geographic name as entry element Labor supply
Geographic subdivision India.
9 (RLIN) 8676
Topical term or geographic name as entry element Manpower
Geographic subdivision India.
9 (RLIN) 107443
942 ## - ADDED ENTRY ELEMENTS (KOHA)
Source of classification or shelving scheme Dewey Decimal Classification
Koha item type Books
Holdings
Lost status Source of classification or shelving scheme Damaged status Not for loan Collection code Permanent Location Current Location Shelving location Date acquired Source of acquisition Cost, normal purchase price Total Checkouts Full call number Date last seen Copy number Koha item type
  Dewey Decimal Classification     Non-fiction Central Library, University of Rajshahi Central Library, University of Rajshahi   18/04/1974 Book Centre 50.00   331.110954 AGM 1970 22/05/2014 C-2 Books
  Dewey Decimal Classification   Not For Loan Non-fiction Central Library, University of Rajshahi Central Library, University of Rajshahi Reading Room 24/06/1974 India Int. Calcata 0.00   331.110954 AGM 1970 22/05/2014 C-1 Books